AIDS and substance abuse

Guardado en:  
Detalles Bibliográficos
Otros Autores: Siegel, Larry J. 1947- (Editor)
Tipo de documento: Print Libro
Lenguaje:Inglés
Publicado: New York [u.a.] Haworth 1988
En:Año: 1988
Acceso en línea: Publisher description
Disponibilidad en Tübingen:Disponible en Tübingen.
UB: KB 18 A 9130
Verificar disponibilidad: HBZ Gateway
Servicio de pedido Subito: Pedir ahora.
Palabras clave:

MARC

LEADER 00000cam a2200000 c 4500
001 197525725
003 DE-627
005 20251222204914.0
007 tu
008 920226s1988 xxu||||| 00| ||eng c
010 |a  88002733  
020 |a 0866568190  |9 0-86656-819-0 
035 |a (DE-627)197525725 
035 |a (DE-576)027447731 
035 |a (DE-599)GBV197525725 
035 |a (OCoLC)635810629 
035 |a (OCoLC)17439204 
040 |a DE-627  |b ger  |c DE-627  |e rakwb 
041 |a eng 
044 |c XD-US 
050 0 |a RC607.A26 
060 0 |a W1 AD432 v. 7 no. 2 
060 0 |a WD 308 A28779 
082 0 |a 616.9/792 
082 0 |a 616.9792 
245 0 0 |a AIDS and substance abuse  |c ed. by Larry Siegel 
264 1 |a New York [u.a.]  |b Haworth  |c 1988 
300 |a 206 S.  |b graph. Darst. 
336 |a Text  |b txt  |2 rdacontent 
337 |a ohne Hilfsmittel zu benutzen  |b n  |2 rdamedia 
338 |a Band  |b nc  |2 rdacarrier 
500 |a Erschien zuerst als "Advances in alcohol & substance abuse ; Vol. 7, No. 2 
583 1 |a Archivierung prüfen  |c 20200919  |f DE-640  |z 2  |2 pdager 
650 0 |a AIDS (Disease) 
650 0 |a Substance Abuse 
650 2 |a Acquired Immunodeficiency Syndrome 
650 2 |a Substance Abuse 
700 1 |a Siegel, Larry J.  |d 1947-  |e Hrsg.  |0 (DE-588)1049652118  |0 (DE-627)782412718  |0 (DE-576)403623057  |4 edt 
856 4 2 |u http://www.loc.gov/catdir/enhancements/fy0810/88002733-d.html  |x Verlag  |y Publisher description  |7 1 
951 |a BO 
ELC |b 1 
LOK |0 000 xxxxxcx a22 zn 4500 
LOK |0 001 3106576847 
LOK |0 003 DE-627 
LOK |0 004 197525725 
LOK |0 005 20151020162853 
LOK |0 008 920226||||||||||||||||ger||||||| 
LOK |0 040   |a DE-21  |c DE-627  |d DE-21 
LOK |0 852   |a DE-21 
LOK |0 852 1  |c KB 18 A 9130  |9 00 
LOK |0 935   |a krim 
LOK |0 939   |a 26-02-92  |b l01 
ORI |a SA-MARC-krimdoka001.raw 
SIG |a UB: KB 18 A 9130